000 00492cam a2200193ua 4500
020 _a0-408-70676-7
_c39.40
041 _aeng
_h
082 _a519.5
_bMUL/FU
100 _aMulholland, H .
245 _aFundamentals of statistics /
_cH Mulholland.
_hTextual Documents
250 _a1 /
_b.
260 _aLondon :
_bEnglish Language Book Society ,
_c1983.
300 _a291 ; .
365 _a39.40
504 _a
700 1 _aJones, C R .
942 _cBK
999 _c9989
_d9989